000
00270nam a2200109Ia 4500
008
220204s9999 xx 000 0 und d
082
_a
066.047
_b
WIL
100
_a
Williams-Gardner, A
245
0
_a
Industrial drying
260
_a
London
_b
George Godwin
_c
1976
942
_c
BK
999
_c
31257
_d
31257